000 00569nam a2200181Ia 4500
008 100917s9999 xx 000 0 und d
082 _b43059
100 _aजोशिी ना. गो.
245 _aवृत्तदर्पण
260 _bगुड कम्पॅनिअन्स प्रकाशन
_c1964
300 _a72
365 _b1.5
520 _aभाषाशास्त्र
630 _aवृत्तदर्पण
650 _aभाषाशास्त्र
730 _aवृत्तदर्पण
942 _cBOOK
999 _c648453
_d648450